| 000 | 01098pam a2200337 a 4500 | ||
|---|---|---|---|
| 001 | 2147 | ||
| 003 | FISKH | ||
| 005 | 20231204082708.0 | ||
| 008 | 930218s1993 nyua j 000 1 eng | ||
| 010 | _a 93018618 | ||
| 020 | _a0670847984 : | ||
| 020 | _a9780141304663 | ||
| 040 |
_aDLC _cDLC _dDLC _beng |
||
| 042 | _alcac | ||
| 050 | 0 | 0 |
_aPZ7.D876 _bHo 1993 |
| 082 | 0 | 0 |
_a514 _220 |
| 100 | 1 | _aDuffey, Betsy. | |
| 245 | 1 | 0 |
_aHow to be cool in the third grade / _cby Betsy Duffey ; illustrated by Janet Wilson. |
| 260 |
_aNew York : _bPuffin Books, _c1993. |
||
| 300 |
_a69 pages : _billustrations ; _c20 cm |
||
| 505 | _aO | ||
| 520 | _aWhen Robbie York is marked as a target by a bully at school, he decides that the only way to survive the third grade is by being cool. | ||
| 521 | 8 |
_a600
_bLexile |
|
| 521 | 8 |
_aO
_bRaz-Plus |
|
| 650 | 1 |
_aSchools _vFiction. |
|
| 650 | 1 |
_aBullies and bullying _vFiction. |
|
| 650 | 1 |
_aSelf-perception _vFiction. |
|
| 700 | 1 |
_aWilson, Janet, _d1952- _eillustrator |
|
| 906 |
_a7 _bcbc _corignew _d1 _eocip _f19 _gy-gencatlg |
||
| 942 |
_2ddc _cBK _n0 |
||
| 999 |
_c2147 _d2147 |
||